Ariana Grande - Bad Decisions - Statistics

General Stats
  • This quiz has been taken 59 times
  • The average score is 406 of 465
Answer Stats
Lyric % Correct
Bad
97%
bad
97%
Boy,
97%
boy
97%
boy,
97%
decisions
97%
me
97%
the
97%
you
97%
a
94%
be
94%
good
94%
got
94%
I
94%
like
94%
love
94%
Make
94%
make
94%
that
94%
That
94%
that,
94%
b*tch?
91%
it,
91%
it
91%
know
91%
Know
91%
princess
91%
hood
88%
on
88%
ooh,
88%
ooh
88%
see
88%
turn
88%
We
88%
when
88%
ain't
85%
Ain't
85%
all
85%
Bonnie
85%
'Cause
85%
crazy
85%
don't
85%
Don't
85%
drive
85%
ever
85%
give
85%
Give
85%
it's
85%
night
85%
No,
85%
of
85%
one
85%
That's
85%
that's
85%
things
85%
and
82%
But
82%
But,
82%
Clyde
82%
favorite
82%
f*cking
82%
in
82%
say
82%
seen
82%
So
82%
them
82%
they
82%
They
82%
way
82%
what
82%
wrong
82%
baby
79%
become
79%
been
79%
get
79%
hot
79%
my
79%
right
79%
stupid
79%
with
79%
doing
76%
I've
76%
keep,
76%
keep
76%
Let
76%
let
76%
talkin'
76%
understand
76%
Understand
76%
You've
76%
body
73%
boys?
73%
'em
73%
life
73%
matter
73%
nobody
73%
touch
73%
truth
73%
yeah,
73%
yeah
73%
need
70%
Wilder
70%
Gonna
67%
gonna
67%
If
67%
some
67%
than
67%
want
67%
danger
61%
since
61%
someone
61%
hear
58%
knockin'
58%
hey
52%
Anytime
33%
Nah,
27%
here,
24%
Better
21%
No matching quizzes found
Score Distribution
Percent of People with Each Score
Percentile by Number Answered
Your Score History
You have not taken this quiz